02170nam a2200469 i 4500003000900000005001700009007000300026008004100029020001500070040003000085041000800115082002200123100005100145245012800196246006500324264004500389300007900434336002700513337003400540338002800574500005100602504002700653590002600680650005300706651005400759700005400813700006200867700003500929700003300964700002500997700004701022700006601069700005701135700004601192700005801238700003801296710011501334910001401449942001401463952020601477999001701683DO-SdBNP20250915131222.0ta250915e1995 sp abdogre||| 001 0 spa d a8434846209 aDO-SdBNPbspacBNPHUerda hspa 4a917.293bZ36a2221 aZárate Martín, Antonioeautor4aut.98862610aAtlas geográfico / cAntonio Zárate Martín, José Sánchez Sánchez ;cartografía, Esther Carrión Fernández 1 aAtlas geográfico :bel mundo y la República Dominicana / 1aMadrid, España :bEdiciones SM,c1995. a113 páginas : bilustraciones, gráficas, mapas, fotografías ;c32 cm atextobtxt2rdacontent asin mediaciónbn2rda media avolumenbnc2rdacarrier aIncluye índice alfabético de topónimos.  aBibliografía p: 116. aInventariado 2025/ YL 4942828aGografíaxAtlaszRepública Dominicana aRepública DominicanavAtlasxGeografía9860951 aSánchez Sánchez , José eautor4aut.9292211 aCarrión Fernández, Esther ecartografía4ca.9886281 aMorales Valdez, Marcos.9792441 961881aAybar Acosta, Ignacio1 aRamos, Henry,9231691 923169aCastro Ricart, Eric,ecartografía1 931261aHöner, Dieter aOttenwalder, José Alberto4fotogr.1 aRamírez, SésaraBrianes, Ricardo4fotogr.9813461 aCassá, Roberto, d1948-4fotogr.9108881 aAbad, José Luis aGávez, Héctor4fotogr.9813471 929250aCapellán, Fanny4fotogr.1 955321aRepública Dominicana.bUniversidad Autónoma de Santo Domingo.bInstituto Geográfico Universitario aYLockward 2ddccLBS1 00102ddc51708PDaBNPHUbBNPHUcCTd2025-04-10eDonación l0oBNPHU PD 917.293 Z36ap2025-10089r2025-09-15w2025-09-15yLBS1zPerteneció a la biblioteca personal de Federico Henriquez Grateraux c59875d59875